书目信息 |
| 题名: |
雅舍随笔
|
|
| 作者: | 梁实秋 著 | |
| 分册: | ||
| 出版信息: | 南京 江苏人民出版社 2015 |
|
| 页数: | 231页 | |
| 开本: | 24cm | |
| 丛书名: | ||
| 单 册: | ||
| 中图分类: | I266.1 | |
| 科图分类: | ||
| 主题词: | 随笔--sui bi--作品集--中国--现代 | |
| 电子资源: | ||
| ISBN: | 978-7-214-16305-9 | |
| 000 | 00898nam0 22002411 450 | |
| 001 | 0118172329 | |
| 005 | 20170618172329.0 | |
| 010 | @a978-7-214-16305-9@dCNY29.80 | |
| 100 | @a20160107d2015 em y0chiy50 ea | |
| 101 | 0 | @achi |
| 102 | @aCN@b320000 | |
| 105 | @ay z 000cy | |
| 106 | @ar | |
| 200 | 1 | @a雅舍随笔@Aya she sui bi@f梁实秋著 |
| 210 | @a南京@c江苏人民出版社@d2015 | |
| 215 | @a231页@d24cm | |
| 300 | @a梁实秋雅舍全集 珍藏版 含章文库 雅舍全集 | |
| 330 | @a本书主要收录了梁实秋多年的读书札记、写给友人的信件以及多篇充满人生思考与感悟的诗歌。梁先生的文字恰如其人,真诚、平和,在阅读过程中,读者能感受到他广博的学识,对朋友的亲厚,和对人生以及世间万物的包容、欣赏和发自心底的珍爱。 | |
| 606 | 0 | @a随笔@Asui bi@x作品集@y中国@z现代 |
| 690 | @aI266.1@v5 | |
| 701 | 0 | @a梁实秋@Aliang shi qiu@f(1902~1987)@4著 |
| 801 | 0 | @aCN@bTANGWEI@c20170615 |
| 905 | @b1009377-82@dI266.1@e2432@f6 | |
| 雅舍随笔/梁实秋著.-南京:江苏人民出版社,2015 |
| 231页;24cm |
| 梁实秋雅舍全集 珍藏版 含章文库 雅舍全集 |
| ISBN 978-7-214-16305-9:CNY29.80 |
| 本书主要收录了梁实秋多年的读书札记、写给友人的信件以及多篇充满人生思考与感悟的诗歌。梁先生的文字恰如其人,真诚、平和,在阅读过程中,读者能感受到他广博的学识,对朋友的亲厚,和对人生以及世间万物的包容、欣赏和发自心底的珍爱。 |
| ● |
| 相关链接 |
|
|
|
|
正题名:雅舍随笔
索取号:I266.1/2432
 
预约/预借
| 序号 | 登录号 | 条形码 | 馆藏地/架位号 | 状态 | 备注 |
| 1 | 1009377 | 210093771 | 第一样本阅览室/ [索取号:I266.1/2432] | 在馆 | |
| 2 | 1009378 | 210093780 | 教育系资料室/ [索取号:I266.1/2432] | 在馆 | |
| 3 | 1009379 | 210093799 | 教育系资料室/ [索取号:I266.1/2432] | 在馆 | |
| 4 | 1009380 | 210093806 | 教育系资料室/ [索取号:I266.1/2432] | 在馆 | |
| 5 | 1009381 | 210093815 | 第二借阅区/ [索取号:I266.1/2432] | 在馆 | |
| 6 | 1009382 | 210093824 | 第二借阅区/ [索取号:I266.1/2432] | 在馆 |